| 000 | 00457nam a22001697a 4500 | ||
|---|---|---|---|
| 999 |
_c526810 _d526810 |
||
| 003 | NUST | ||
| 020 | _qHBK | ||
| 038 | _aFaiza | ||
| 082 |
_a891.421 _bCHU |
||
| 100 |
_aChuhan, Muhammad Azam _917806 |
||
| 245 |
_aPani Uty Leek / _cMuhammad Azam Chuhan |
||
| 260 |
_aLahore : _bCheetar Publications, _c1990. |
||
| 300 | _a78 p. ; | ||
| 880 |
_6100-01\r _aمحمد اعظم چوہان |
||
| 880 |
_6245-02\r _aپانی اُتے لِیک / |
||
| 942 |
_2ddc _cBK |
||